[Event "Championnat de France des Jeunes - Pupi"]
[Site "TROYES"]
[Date "2010.04.18"]
[Round "9.9"]
[White "Meunier, Clement"]
[Black "Biancarelli, Pablo"]
[Result "1-0"]
[WhiteElo "1813"]
[BlackElo "1666"]
[PlyCount "55"]

1. e4 c5 2. Nf3 e6 3. d4 cxd4 4. Nxd4 a6 5. Bd3 Bc5 6. Nb3 Be7 7. c4 Nc6 8. Nc3
Nf6 9. O-O O-O 10. Bd2 Ne5 11. Qe2 Nxd3 12. Qxd3 d6 13. f4 Qc7 14. f5 Ng4 15.
Qg3 Nf6 16. Bh6 Nh5 17. Qg4 exf5 18. exf5 Bf6 19. Nd5 Qd8 20. Qxh5 gxh6 21.
Qxh6 Bg7 22. Qh5 f6 23. Rae1 Rf7 24. Nd4 Bd7 25. Ne6 Qb8 26. Nb6 Ra7 27. Nxg7
Rxg7 28. Nxd7 1-0

[Event "Championnat de France des Jeunes - Pupi"]
[Site "TROYES"]
[Date "2010.04.18"]
[Round "9.10"]
[White "Marie, Florian"]
[Black "Alinc, Dimitri"]
[Result "1-0"]
[WhiteElo "1651"]
[BlackElo "1772"]
[PlyCount "67"]

1. d4 d5 2. c4 c6 3. Nc3 f5 4. Nf3 e6 5. cxd5 cxd5 6. Bf4 Nf6 7. e3 Bd7 8. Rc1
Nc6 9. Bd3 Be7 10. O-O O-O 11. h3 Ne4 12. Nd2 Nb4 13. Bb1 Rc8 14. Ndxe4 fxe4
15. a3 Nc6 16. f3 exf3 17. Rxf3 Bg5 18. Qd3 g6 19. Rg3 Rf5 20. Rf1 Ne7 21. Bxg5
a6 22. Rxf5 exf5 23. Nxd5 Rc1+ 24. Kh2 Bb5 25. Nxe7+ Kf7 26. Ba2+ Ke8 27. Qd2
Qc7 28. Nd5 Qc6 29. Nc3 Rf1 30. Nxb5 axb5 31. Qc3 Qd7 32. Qc5 Rf2 33. Qe5+ Kf8
34. Qh8# 1-0

[Event "Championnat de France des Jeunes - Pupi"]
[Site "CHAMPIONNAT DE FRANCE PUPILLE"]
[Date "2010.04.18"]
[Round "9.1"]
[White "Malassagne, Isabelle"]
[Black "Joudelat, Noemie"]
[Result "1/2-1/2"]
[WhiteElo "1680"]
[BlackElo "1763"]
[PlyCount "0"]

1. c4 Nf6 2. Nc3 g6 3. g3 Bg7 4. Bg2 O-O 5. Nf3 d5 6. cxd5 Nxd5 7. O-O Nc6 8.
a3 a6 9. Nxd5 Qxd5 10. Qc2 Bf5 11. d3 Qd7 12. Bd2 Bh3 13. Bc3 Bxg2 14. Bxg7 Qg4
15. Kxg2 Kxg7 16. Qc3+ Kg8 17. Ne5 Qxe2 18. Nxc6 bxc6 19. Rfe1 Qh5 20. Qxc6 e6
21. Rac1 Rfc8 22. Qc5 Qd5+ 23. Qxd5 exd5 24. Rc5 c6 25. Rec1 Rab8 26. Rxc6 Rxc6
27. Rxc6 Rxb2 28. Kf3 Rb3 29. Rxa6 Rxd3+ 30. Ke2 Rb3 31. a4 Ra3 32. a5 d4 33.
Ra7 Kg7 34. a6 Kf6 35. Ra8 h5 36. h4 Kg7 37. Rd8 Rxa6 38. Rxd4 Ra2+ 39. Ke3
Ra3+ 40. Rd3 Ra2 41. Rd2 Ra3+ 1/2-1/2

[Event "Championnat de France des Jeunes - Pupi"]
[Site "CHAMPIONNAT DE FRANCE PUPILLE"]
[Date "2010.04.18"]
[Round "9.2"]
[White "Terrazzoni, Claire"]
[Black "Imperor, Lorene"]
[Result "0-1"]
[WhiteElo "1530"]
[BlackElo "1633"]
[PlyCount "50"]

1. e4 c5 2. Nf3 Nc6 3. d4 cxd4 4. Nxd4 e5 5. Nb3 Nf6 6. Nc3 Be7 7. f3 O-O 8.
Be3 d6 9. Qd2 Be6 10. a3 a5 11. Bb5 d5 12. exd5 Nxd5 13. Nxd5 Bxd5 14. O-O Rc8
15. Qf2 Bxb3 16. cxb3 Nd4 17. Rfd1 Qb6 18. Bxd4 exd4 19. Bc4 Bc5 20. Kh1 Rfe8
21. Qh4 Qc7 22. Bd3 g6 23. Rac1 Qd6 24. Rc2 Re5 25. Qf4 Re1+ 0-1

[Event "Championnat de France des Jeunes - Pupi"]
[Site "CHAMPIONNAT DE FRANCE PUPILLE"]
[Date "2010.04.18"]
[Round "9.3"]
[White "Broly, Marine"]
[Black "Duval, Claire"]
[Result "1/2-1/2"]
[WhiteElo "1590"]
[BlackElo "1750"]
[PlyCount "38"]

1. e4 c6 2. Nf3 d5 3. Nc3 Bg4 4. h3 Bxf3 5. Qxf3 e6 6. exd5 exd5 7. d4 Nf6 8.
Bd3 Be7 9. O-O O-O 10. Re1 Nbd7 11. Qg3 Kh8 12. Qf3 Re8 13. a3 Nf8 14. Ne2 b5
15. Bd2 Ne6 16. c3 a5 17. Bc2 a4 18. Nf4 Ng5 19. Ng6+ fxg6 1/2-1/2

[Event "Championnat de France des Jeunes - Pupi"]
[Site "CHAMPIONNAT DE FRANCE PUPILLE"]
[Date "2010.04.18"]
[Round "9.4"]
[White "Banat, Rizlene"]
[Black "Baldi, Valentine"]
[Result "1/2-1/2"]
[WhiteElo "1608"]
[BlackElo "1635"]
[PlyCount "47"]

1. c4 e5 2. Nc3 Nf6 3. g3 d5 4. cxd5 Nxd5 5. Bg2 Nb6 6. Nf3 Nc6 7. O-O Bd6 8.
d3 O-O 9. a3 a5 10. b3 Re8 11. Bb2 Nd4 12. Nd2 c6 13. e3 Ne6 14. Nce4 Nc5 15.
Qc2 Nxe4 16. Nxe4 Bf5 17. Nxd6 Qxd6 18. Be4 Qe6 19. Bxf5 Qxf5 20. Rac1 Red8 21.
d4 Qxc2 22. Rxc2 exd4 23. Bxd4 Nd5 24. Bb2 1/2-1/2

[Event "Championnat de France des Jeunes - Pupi"]
[Site "CHAMPIONNAT DE FRANCE PUPILLE"]
[Date "2010.04.18"]
[Round "9.5"]
[White "Fraval, Julie"]
[Black "Auvray, Honorine"]
[Result "1/2-1/2"]
[WhiteElo "1640"]
[BlackElo "1713"]
[PlyCount "140"]

1. e4 c5 2. Nf3 Nc6 3. d4 cxd4 4. Nxd4 Nf6 5. Nc3 d6 6. Bc4 e6 7. Be3 Be7 8.
Qe2 O-O 9. O-O-O Nxd4 10. Bxd4 a6 11. Rhg1 b5 12. Bb3 b4 13. Nb1 a5 14. e5 dxe5
15. Bxe5 Qb6 16. g4 a4 17. Bc4 Ba6 18. Bxa6 Rxa6 19. g5 Nd5 20. Bd4 Qc6 21. Qe5
f6 22. gxf6 Bxf6 23. Qg3 Bxd4 24. Rxd4 Ra7 25. Rg4 Qc7 26. Qh3 Qc6 27. Qh6 Rff7
28. Rh4 Nf6 29. Rxb4 Rac7 30. Nc3 Nd5 31. Rb8+ Rf8 32. Rxf8+ Kxf8 33. Qxh7 Nxc3
34. Qh8+ Ke7 35. Qxg7+ Kd6 36. Qxc3 Qxc3 37. bxc3 Rxc3 38. Rg3 Rc4 39. Kd2 Kd5
40. Rg5+ e5 41. Rg3 e4 42. h4 e3+ 43. fxe3 Rxh4 44. Kd3 Rb4 45. Rg5+ Kc6 46.
Kc3 Re4 47. Kd3 Rb4 48. Ra5 Kb6 49. Ra8 Rh4 50. Rd8 Rh1 51. Rd4 Kb5 52. c3 Rh2
53. c4+ Kc5 54. Rd5+ Kc6 55. Ra5 Rxa2 56. Kc3 Ra3+ 57. Kb4 Rxe3 58. Rxa4 Re5
59. Ra3 Kb6 60. Rd3 Kc6 61. Rd8 Kc7 62. Rd5 Rxd5 63. cxd5 Kd7 64. Kc5 Kc7 65.
d6+ Kd7 66. Kd5 Kd8 67. Kc6 Kc8 68. Kd5 Kd8 69. Ke5 Kd7 70. Kd5 Kd8 1/2-1/2

[Event "Championnat de France des Jeunes - Pupi"]
[Site "CHAMPIONNAT DE FRANCE PUPILLE"]
[Date "2010.04.18"]
[Round "9.6"]
[White "Thomas, Apolline"]
[Black "Vernet, Solene"]
[Result "1-0"]
[WhiteElo "1600"]
[BlackElo "1520"]
[PlyCount "121"]

1. d4 d5 2. c4 e6 3. Nc3 Nf6 4. Bg5 Bb4 5. Nf3 h6 6. Bh4 Nc6 7. cxd5 exd5 8. e3
Ne7 9. a3 Bxc3+ 10. bxc3 Ne4 11. Qc2 Qd6 12. Bd3 f5 13. Bxe4 fxe4 14. Bg3 Qb6
15. Ne5 Ng6 16. Qa4+ Kf8 17. Qb4+ Qxb4 18. Nxg6+ Kg8 19. axb4 Rh7 20. Ne7+ Kf7
21. Nxc8 Rxc8 22. Rxa7 c6 23. Rxb7+ Ke6 24. Rb8 Rxb8 25. Bxb8 g6 26. Ke2 Rb7
27. Bg3 Ra7 28. Rd1 Ra3 29. Rc1 Ra2+ 30. Kd1 g5 31. Rc2 Ra3 32. f3 Kf5 33.
fxe4+ Kxe4 34. Ke2 h5 35. Be5 g4 36. Bd6 Rb3 37. Bf4 h4 38. Kf2 Kd3 39. Rc1
Rb2+ 40. Kf1 g3 41. hxg3 hxg3 42. Bxg3 Kxe3 43. Be1 Kf4 44. Ra1 Ke3 45. Ra6 Kd3
46. Rxc6 Ke4 47. Rc5 Rb3 48. b5 Rb2 49. g4 Kf4 50. Rxd5 Kxg4 51. c4 Kf4 52. Rd8
Ke4 53. d5 Kd4 54. d6 Kxc4 55. d7 Rxb5 56. Rc8+ Kb3 57. d8=Q Rf5+ 58. Kg2 Re5
59. Qb6+ Ka4 60. Ra8+ Ra5 61. Rxa5# 1-0

[Event "Championnat de France des Jeunes - Pupi"]
[Site "CHAMPIONNAT DE FRANCE PUPILLE"]
[Date "2010.04.18"]
[Round "9.7"]
[White "Jacob, Eva"]
[Black "Quelennec, Amelie"]
[Result "1/2-1/2"]
[WhiteElo "1500"]
[BlackElo "1530"]
[PlyCount "171"]

1. e4 b6 2. d4 Bb7 3. Nc3 e6 4. Bd3 c5 5. dxc5 Bxc5 6. Nf3 Nf6 7. Bg5 h6 8. Bh4
g5 9. Bg3 Nc6 10. Nb5 d6 11. O-O e5 12. Re1 a6 13. Nc3 b5 14. Nd5 O-O 15. Qd2
Nxd5 16. exd5 Nb4 17. Be4 f5 18. c3 fxe4 19. cxb4 Bxf2+ 20. Bxf2 exf3 21. Qd3
Qf6 22. g4 Rf7 23. Rad1 Raf8 24. Rd2 Qf4 25. Re4 Qf6 26. Re3 Qg7 27. h3 Rf4 28.
a3 Rd4 29. Qc2 Rc8 30. Qd1 Bxd5 31. Rc3 Rxc3 32. Bxd4 Rc8 33. Bf2 Bb7 34. Rxd6
e4 35. Rd7 Qxb2 36. Rd8+ Rxd8 37. Qxd8+ Kh7 38. Qd7+ Qg7 39. Qxg7+ Kxg7 40.
Bd4+ Kg6 41. Kf2 h5 42. Be3 Bc8 43. Kg3 hxg4 44. hxg4 Kf6 45. Bd4+ Ke6 46. Be3
Kf6 47. Bd4+ Kg6 48. Be3 Be6 49. Bd4 Bc4 50. Kf2 Kf7 51. Be3 Be6 52. Kg3 Kg6
53. Bd4 Bd7 54. Be3 Kf6 55. Bd4+ Ke6 56. Be3 Kd5 57. Bxg5 Bxg4 58. Be3 Bf5 59.
Kf4 Bh7 60. Kg3 Kc4 61. Bc1 Kd3 62. Kf2 Kc3 63. Ke3 Kb3 64. Kd2 Ka4 65. Ke3 a5
66. bxa5 Kxa5 67. Bd2+ Ka4 68. Bb4 Kb3 69. Kd2 Kc4 70. Ke3 Kb3 71. Kf2 Kb2 72.
Ke3 Kc2 73. Ba5 Kb3 74. Bb4 Kc4 75. Ba5 Kd5 76. Bb4 Ke5 77. Bc3+ Kf5 78. Be1
Kg4 79. Bf2 Kh3 80. Be1 Kg2 81. Bf2 Bg8 82. Bh4 Bd5 83. Bf2 Bc4 84. Bh4 Bd3 85.
Bf2 Kh3 86. Be1 1/2-1/2

[Event "Championnat de France des Jeunes - Pupi"]
[Site "CHAMPIONNAT DE FRANCE PUPILLE"]
[Date "2010.04.18"]
[Round "9.8"]
[White "Olive, Aurianne"]
[Black "Dory, Manon"]
[Result "0-1"]
[WhiteElo "1510"]
[BlackElo "1604"]
[PlyCount "114"]

1. e4 c5 2. Nf3 Nc6 3. d4 cxd4 4. Nxd4 Nf6 5. Nc3 d6 6. Bb5 Bd7 7. Bxc6 Bxc6 8.
Nxc6 bxc6 9. O-O e6 10. Bg5 Be7 11. Rb1 h6 12. Bxf6 Bxf6 13. Re1 O-O 14. h3 Qc7
15. Qd3 d5 16. exd5 cxd5 17. Nb5 Qa5 18. a3 Rab8 19. Nc3 Rfc8 20. Ne2 Rxb2 21.
Rf1 Rcxc2 22. Nf4 Rd2 23. Qf3 Qc3 24. Qxc3 Bxc3 25. Rbc1 Be5 26. g3 Bxf4 27.
gxf4 Rdc2 28. Rxc2 Rxc2 29. Rb1 Ra2 30. h4 Rxa3 31. Kg2 f6 32. f3 h5 33. Kg3 a5
34. f5 e5 35. Rb8+ Kh7 36. Rb5 d4 37. Rd5 a4 38. Kf2 Ra2+ 39. Ke1 a3 40. Kd1
Rf2 41. Kc1 Rxf3 42. Kb1 Rh3 43. Ka2 Rxh4 44. Kxa3 Rf4 45. Kb3 h4 46. Rc5 Rxf5
47. Rc1 h3 48. Rh1 Rh5 49. Kc2 g5 50. Kd2 g4 51. Ke2 g3 52. Kf3 g2 53. Rg1 h2
54. Rxg2 h1=Q 55. Kf2 Rf5+ 56. Kg3 Rg5+ 57. Kf3 Qxg2# 0-1

[Event "Championnat de France des Jeunes - Pupi"]
[Site "CHAMPIONNAT DE FRANCE PUPILLE"]
[Date "2010.04.18"]
[Round "9.9"]
[White "Renaudier, Celia"]
[Black "Dedisse, Mariane"]
[Result "0-1"]
[WhiteElo "1410"]
[BlackElo "1550"]
[PlyCount "116"]

1. d4 Nf6 2. c4 e6 3. Nc3 b6 4. e3 Bb7 5. b3 d5 6. Bb2 Be7 7. Nge2 O-O 8. Ng3
Bd6 9. f3 c5 10. Bd3 Qc7 11. Nce2 Nbd7 12. O-O dxc4 13. bxc4 Rfe8 14. Rc1 h6
15. Bb1 Ba6 16. Rf2 cxd4 17. exd4 Bxc4 18. Qd2 b5 19. Bd3 Nb6 20. f4 Qd7 21.
Nc3 a6 22. Nce4 Nxe4 23. Nxe4 f5 24. Nxd6 Qxd6 25. Bxc4 Nxc4 26. Qc3 Ra7 27.
Rf3 Rc7 28. Ba3 Qd5 29. Bc5 Rec8 30. Qb3 Nd2 31. Qxd5 exd5 32. Rf2 Ne4 33. Rfc2
Kf7 34. a3 g6 35. g3 h5 36. Kg2 Ke6 37. Kf3 Kf7 38. h3 Ke6 39. h4 Kd7 40. Kg2
Rc6 41. Kf3 R8c7 42. Kg2 Kc8 43. Kf3 Kb7 44. Rb1 Nxc5 45. Rxc5 Rxc5 46. dxc5
Rxc5 47. a4 Kc6 48. axb5+ Rxb5 49. Rxb5 Kxb5 50. Ke3 Kc5 51. Kd3 d4 52. Kd2 Kc4
53. Kc2 d3+ 54. Kb1 Kc3 55. Ka2 d2 56. Ka3 d1=Q 57. Ka2 Qb3+ 58. Ka1 Qb2# 0-1

[Event "Championnat de France des Jeunes - Pupi"]
[Site "CHAMPIONNAT DE FRANCE PUPILLE"]
[Date "2010.04.18"]
[Round "9.10"]
[White "Bellahcene, Anissa"]
[Black "Le Berre, Audrey"]
[Result "0-1"]
[WhiteElo "1350"]
[BlackElo "1480"]
[PlyCount "78"]

1. e4 c5 2. c3 g6 3. d4 cxd4 4. cxd4 Bg7 5. Nc3 Nc6 6. Nf3 d6 7. h3 Nf6 8. Be2
O-O 9. O-O a6 10. Be3 e6 11. Rc1 b5 12. Bd3 Bb7 13. Qd2 Re8 14. Rfe1 Nb4 15.
Bb1 Rc8 16. a3 Nc6 17. Bd3 Na5 18. Qe2 Nc4 19. Nd2 Nxb2 20. Nb3 Nxd3 21. Qxd3
h6 22. Qd2 Kh7 23. Ne2 Nxe4 24. Qd3 Nf6 25. h4 Be4 26. Qd2 h5 27. Ng3 Ba8 28.
Bg5 Qd7 29. Qd3 Rxc1 30. Rxc1 Kg8 31. Nd2 e5 32. dxe5 Rxe5 33. Qc3 Rc5 34. Qb2
Ne4 35. Qb1 Rxc1+ 36. Qxc1 Nxg3 37. fxg3 Qa7+ 38. Be3 Qxe3+ 39. Kh2 Be5 0-1